000 01171cam a2200361 a 4500
999 _c23324
_d23324
001 vtls010635694
005 20221003072844.0
008 160429s2014 xo e 000 f slo
020 _a9788081423352 (viaz.)
035 _a6D89324E-F17B-4439-9092-C9E9D52B8785
035 _aurn:nbn:sk:snk-amjp39
035 _aurn:nbn:sk:snk-am002h7n
040 _aTVZK
_bslo
_cTVZK
_dSVKBB
_dSNK
_eAACR2
041 1 _aslo
_hswe
044 _axo
_cSK
072 7 _a821.11
_xGermánske literatúry
_2konspekt
080 _a821.113.6-31
_22001
080 _a(0:82-312.4)
_22001
100 1 _aZander, Joakim,
_d1975-
_93323
240 1 0 _aSimmaren
_lSlovensky
245 1 0 _aPlavec
_cJoakim Zander ; [preklad Jana Melichárková]
250 _a1. vyd.
260 _aBratislava
_bFortuna Libri
_c2014
300 _a382 s.
_c22 cm
655 7 _ašvédske romány
_2SNKPH
_91715
655 7 _aSwedish fiction
_2SNKPHeng
_91716
655 7 _atrilery (romány)
_2SNKPH
_92135
655 7 _aThrillers (novels)
_2SNKPHeng
_91722
700 1 _aMelichárková, Jana
_c(prekladateľka)
_4trl
_92527
958 _aLX
958 _aUP